Interní a externí komunikace jako nutný faktor přežití
Pojem komunikácia a význam komunikácie. Interná komunikácia. Externá komunikácia. Účel a funkcie komunikácie. Záujmové skupiny. Obrázok vyjadrujúci da Vinciho symbol dokonalosti ľudského tela vyznačuje tu organizáciu (podnik).
Salvato in:
| Natura: | Capitolo di libro |
|---|---|
| Lingua: | ceco |
| Soggetti: | |
| Tags: |
Nessun Tag, puoi essere il primo ad aggiungerne!!
|
MARC
| LEADER | 00000naa$a2200000$$$4500 | ||
|---|---|---|---|
| 001 | 0030715 | ||
| 005 | 20231107071147.2 | ||
| 041 | 0 | |a cze | |
| 044 | |a CZ | ||
| 245 | 1 | 0 | |a Interní a externí komunikace jako nutný faktor přežití |
| 520 | |a Pojem komunikácia a význam komunikácie. Interná komunikácia. Externá komunikácia. Účel a funkcie komunikácie. Záujmové skupiny. Obrázok vyjadrujúci da Vinciho symbol dokonalosti ľudského tela vyznačuje tu organizáciu (podnik). | ||
| 610 | 2 | 0 | |a komunikácia |
| 610 | 2 | 0 | |a komunikácia interná |
| 610 | 2 | 0 | |a komunikácia externá |
| 610 | 2 | 0 | |a väzba spätná |
| 610 | 2 | 0 | |a skupiny záujmové |